000 01155nam a2200229Ia 4500
003 Ost
005 20260507075105.0
008 260507s9999||||xx |||||||||||||| ||und||
020 _a90233091619
040 _cfsecg
041 _aara
082 _a330
100 _aصالح، خالص صافي
_eمؤلف
245 0 _aالمبادئ الأساسية للمحاسبة العامة والمخطط المحاسبي الوطني /
_c خالص صافي صالح
250 _aطبعة 3
260 _aالجزائر:
_bديوان المطبوعات الجامعية,
_c2007
300 _a289 صفحة؛
_bإيضاحات ؛
_c22 سم
520 _aالمحاسبة المبادئ والمفاهيم- أنواع الشركات- الدفاتر والسجلات المحاسبية- الدورة المحاسبية- نظرية القيد المزدوج- العمليات الأستثمارية التمويلية- مصاريف التسيير- الاوراق التجارية- الصكوك المصرفية- عرض لمخطط الوطني للمحاسبة.
653 _aالمحاسبة
653 _aالمحاسبة المالية
942 _cكتاب
999 _c42818
_d42818